000 00521nmm a2200193Ia 4500
008 251105s9999||||xx |||||||||||||||||und||
020 _a9788493592776
041 _aspa
100 _aSoseki, Natsume
245 0 _aBotchan
264 _a[Madrid, España] :
_bImpedimenta,
_c2012
300 _a240 páginas
650 _aOther narratives
700 _aSoseki, Natsume
700 1 _a Pazó Espinosa, José
700 1 _a Ibáñez, Andrés
856 _uhttps://public.digitaliapublishing.com/a/33850
942 _cCF
999 _c71634
_d71634